| 000 | 01135naa a22003137a 4500 | ||
|---|---|---|---|
| 001 | BR8800832 | ||
| 003 | BR-BrBNA | ||
| 005 | 20240918175949.0 | ||
| 007 | ta | ||
| 008 | 230509b bl.||||| |||| 00| 0 por d | ||
| 040 |
_aBR-BrBNA _bpor _cBiblioteca Nacional de Agricultura |
||
| 041 | _a(Pt) | ||
| 072 |
_aF03 _b0150 _b3575 _bG514 |
||
| 090 | _aF03 BR8800832 | ||
| 100 | 1 | _aMarques, L.F. | |
| 100 | 1 | _aIshiy, T. | |
| 100 | 1 | _aNoldin, J.A. | |
| 111 | 1 |
_a16. Reuniao da Cultura do Arroz Irrigado _cCamboriu, SC (Brazil) _d5-9 Oct 1987 |
|
| 245 | 1 | _aQualidade da semente de arroz irrigado utilizada em Santa Catarina | |
| 260 | 3 |
_aFlorianopolis, SC (Brasil): _c1987. |
|
| 500 | _aAnais da 16. Reuniao da Cultura do Arroz Irrigado Florianopolis, SC (Brasil): 1987. p. 354-362 (BR8800832-AM)F03 | ||
| 650 | _aARROZ IRRIGADO | ||
| 650 | _aSEMENTE | ||
| 650 | _aCONTROLE DE QUALIDADE | ||
| 650 | _aSANTA CATARINA | ||
| 773 | 0 |
_tAnais da 16. Reuniao da Cultura do Arroz Irrigado _wF03 BR8800832 _zISBN 85-85014-16-4 _gFlorianopolis, SC (Brasil), 1987. p. 354-362 |
|
| 909 |
_a202404 _bLucia _c55 _dLucia Elande |
||
| 942 |
_cAM _2AGRIS |
||
| 999 |
_c318992 _d318992 |
||